OOP Constructors Let Us C++ (Record no. 24985)

MARC details
000 -LEADER
fixed length control field 00416nam a22001817a 4500
003 - CONTROL NUMBER IDENTIFIER
control field OSt
005 - DATE AND TIME OF LATEST TRANSACTION
control field 20211229133305.0
008 - FIXED-LENGTH DATA ELEMENTS--GENERAL INFORMATION
fixed length control field 211229b |||||||| |||| 00| 0 eng d
020 ## - INTERNATIONAL STANDARD BOOK NUMBER
International Standard Book Number 8176561061
040 ## - CATALOGING SOURCE
Transcribing agency HU
082 ## - DEWEY DECIMAL CLASSIFICATION NUMBER
Classification number 005.133
100 ## - MAIN ENTRY--PERSONAL NAME
Personal name Kanetkar Yashavant
9 (RLIN) 26060
245 ## - TITLE STATEMENT
Title OOP Constructors Let Us C++
250 ## - EDITION STATEMENT
Edition statement 2ED
260 ## - PUBLICATION, DISTRIBUTION, ETC.
Place of publication, distribution, etc. New Delhi
Name of publisher, distributor, etc. New Delhi
300 ## - PHYSICAL DESCRIPTION
Type of unit 633
942 ## - ADDED ENTRY ELEMENTS (KOHA)
Source of classification or shelving scheme Dewey Decimal Classification
Koha item type Books like text book referance book
Suppress in OPAC No
Holdings
Withdrawn status Lost status Source of classification or shelving scheme Damaged status Not for loan Home library Current library Shelving location Date acquired Total Checkouts Full call number Barcode Date last seen Copy number Price effective from Koha item type
    Dewey Decimal Classification     IoT Library IoT Library General Stacks 12/29/2021   005.133/KAN/2010 IOTL0001864 12/29/2021 1 12/29/2021 Books like text book referance book
    Dewey Decimal Classification     IoT Library IoT Library General Stacks 12/29/2021   005.133/KAN/2010 IOTL0001865 12/29/2021 2 12/29/2021 Books like text book referance book
    Dewey Decimal Classification     IoT Library IoT Library General Stacks 12/29/2021   005.133/KAN/2010 IOTL0001866 12/29/2021 3 12/29/2021 Books like text book referance book
    Dewey Decimal Classification     IoT Library IoT Library General Stacks 12/29/2021   005.133/KAN/2010 IOTL0001867 12/29/2021 4 12/29/2021 Books like text book referance book
    Dewey Decimal Classification     IoT Library IoT Library General Stacks 04/05/2022   005.133/KAN/2010 IOTL0019645 04/05/2022 5 04/05/2022 Books like text book referance book
    Dewey Decimal Classification     IoT Library IoT Library General Stacks 04/11/2022   005.133 /KAN /2010 IOTL0020483 04/11/2022 6 04/11/2022 Books like text book referance book